Yerel yönetim birlikleri (Record no. 3881)

MARC details
000 -BAŞLIK
Sabit Uzunlukta Kontrol Alanı 00638na a2200229 4500
001 - KONTROL NUMARASI
Denetim Alanı 18657
003 - KONTROL NUMARASI IDENTIFIER
Denetim Alanı MIRAKIL
005 - SON İŞLEM TARİHİ VE ZAMANI
Denetim Alanı 20181213154946.0
008 - SABİT-BOY VERİ ELEMANLARI - GENEL BİLGİLER
Sabit Uzunlukta Kontrol Alanı 161123b tu 000 0
035 ## - SİSTEM KONTROL NUMARASI
Sistem Kontrol Numarası 18657
040 ## - KATALOGLAMA KAYNAK
Orijinal Kataloglama Ajansı Milas
Kataloglama Dili tur
Metne Dönüştürmek Ajansı TR-AnCHP
041 ## - DİL KODU
Metin / Ses Parça Veya Ayrı Başlığın Dil Kodu tur
082 ## - DEWEY ONLU SINIFLANDIRMA NUMARASI
Sınıflandırma Numarası 352.9561
Ürün Numarası G75 1977
090 ## - SINIFLAMA NUMARASI
Sınıflama Numarası 352.9561 G75 1977
100 ## - ANA GİRİŞ - KİŞİSEL İSİM
Kişisel Ad Gönül, Mustafa
245 ## - BAŞLIK TABLOSU
Başlık Yerel yönetim birlikleri
Sorumluluk Tablosu, Vb Mustafa Gönül
260 ## - YAYIN, DAĞITIM, VB
Yayın, Dağıtım, Vb Yeri Ankara
Yayın, Dağıtım, Vb Tarihi 1977
Üretici Firma Sevinç Matbaası
300 ## - FİZİKSEL TANIM
Kapsam 236 s.
Boyutlar 23 sm.
490 ## - SERİSİ TABLOSU
Seri Beyanı Türkiye ve Orta Doğu İdaresi Enstitüsü Yayınları
Hacim / Ardışık Tanımı 159
650 ## - KONU KATMA GİRİŞ - TOPİKAL DÖNEM
Topikal Süreli Veya Coğrafi Ad Giriş Elemanı Yerel yönetimler
Coğrafi Alt Bölümü Türkiye
942 ## - EKLENDİ GİRİŞ ELEMANLARI (KOHA)
Sınıflandırma Veya Raf Düzeni Kaynak Dewey Decimal Classification
Koha Öğesi Türü Books
999 ## - SİSTEM KONTROL NUMARALARI (KOHA)
Koha Biblionumber 3881
Koha Biblioitemnumber 3881
Holdings
Kalıcı Konum Mevcut Konum Edinme Tarihi Edinim Kaynak Toplam Check-Out'Lar Tam Çağrı Numarası Barkod Tarih Son Görülme İtibaren Geçerli Fiyatlar Koha Öğesi Türü
CHP Kütüphanesi CHP Kütüphanesi 11/23/2016 Bağış   352.9561 G75 1977 009659 11/23/2016 11/23/2016 Books